|
|
|
|
| LEADER |
00000cam a22000004a 4500 |
| 001 |
musev2_73714 |
| 003 |
MdBmJHUP |
| 005 |
20230905051616.0 |
| 006 |
m o d |
| 007 |
cr||||||||nn|n |
| 008 |
051216r20011999nju o 00 0 eng d |
| 020 |
|
|
|a 9780691211770
|
| 020 |
|
|
|z 9780691074481
|
| 020 |
|
|
|z 9780691006895
|
| 035 |
|
|
|a (OCoLC)1227050780
|
| 040 |
|
|
|a MdBmJHUP
|c MdBmJHUP
|
| 100 |
1 |
|
|a Ortner, Sherry B.,
|d 1941-
|
| 245 |
1 |
0 |
|a Life and Death on Mt. Everest :
|b Sherpas and Himalayan Mountaineering /
|c Sherry B. Ortner.
|
| 264 |
|
1 |
|a Princeton, N.J. :
|b Princeton University Press,
|c [2001], 1999.
|
| 264 |
|
3 |
|a Baltimore, Md. :
|b Project MUSE,
|c 2021
|
| 264 |
|
4 |
|c ©[2001], 1999.
|
| 300 |
|
|
|a 1 online resource:
|b illustrations, maps ;
|
| 336 |
|
|
|a text
|b txt
|2 rdacontent
|
| 337 |
|
|
|a computer
|b c
|2 rdamedia
|
| 338 |
|
|
|a online resource
|b cr
|2 rdacarrier
|
| 505 |
0 |
0 |
|t Beginning --
|t Sahibs --
|t Sherpas --
|t Monks --
|t Death --
|t Men --
|t Counterculture --
|t Women --
|t Reconfigurations.
|
| 520 |
|
|
|a This is an account of the evolving relationship between mountaineers from around the world who journey to test themselves on Mount Everest, and the Sherpas who live in the area.
|
| 588 |
|
|
|a Description based on print version record.
|
| 650 |
|
7 |
|a Sherpa (Nepalese people)
|2 fast
|0 (OCoLC)fst01115867
|
| 650 |
|
7 |
|a Mountaineering.
|2 fast
|0 (OCoLC)fst01028334
|
| 650 |
|
0 |
|a Sherpa (Nepalese people)
|
| 650 |
|
0 |
|a Mountaineering
|z Everest, Mount (China and Nepal)
|x History.
|
| 651 |
|
7 |
|a Asia
|z Mount Everest.
|2 fast
|0 (OCoLC)fst01333948
|
| 655 |
|
7 |
|a History.
|2 fast
|0 (OCoLC)fst01411628
|
| 655 |
|
7 |
|a Electronic books.
|2 local
|
| 710 |
2 |
|
|a Project Muse.
|e distributor
|
| 830 |
|
0 |
|a Book collections on Project MUSE.
|
| 856 |
4 |
0 |
|z Texto completo
|u https://projectmuse.uam.elogim.com/book/73714/
|
| 945 |
|
|
|a Project MUSE - Custom Collection
|
| 945 |
|
|
|a Project MUSE - Archive Complete Supplement IX
|
| 945 |
|
|
|a Project MUSE - Archive Archaeology and Anthropology Supplement IX
|
| 945 |
|
|
|a Project MUSE - Archive Asian and Pacific Studies Supplement VIII
|